徳島県の戦前市制・町制 - Statistics

General Stats
  • This quiz has been taken 98 times
  • The average score is 26 of 45
Answer Stats
施行日 施行内容 所属郡 回答 % Correct
1889.10.01 市制 (市) 徳島市
100%
1905.10.01 町制 三好郡 池田町
95%
町制 板野郡 鳴門町
93%
1907.11.01 町制 勝浦郡 小松島町
91%
町制 名西郡 石井町
91%
町制 海部郡 牟岐町
91%
町制 板野郡 撫養町
86%
1907.01.01 町制 海部郡 日和佐町
81%
町制 美馬郡 脇町
79%
1907.07.20 町制 那賀郡 鷲敷町
79%
町制 麻植郡 鴨島町
79%
1924.08.10 町制 海部郡 宍喰町
74%
1907.10.01 町制 麻植郡 川島町
70%
1918.02.11 町制 那賀郡 羽ノ浦町
70%
町制 板野郡 北島町
70%
町制 阿波郡 市場町
67%
1912.10.01 町制 那賀郡 橘町
67%
1905.10.10 町制 那賀郡 富岡町
65%
1908.07.29 町制 板野郡 板西町
65%
1940.04.01 町制 那賀郡 板野町
65%
1924.01.26 町制 美馬郡 穴吹町
60%
町制 美馬郡 貞光町
58%
町制 板野郡 坂東町
58%
1916.11.03 町制 美馬郡 半田町
58%
1908.07.01 町制 名東郡 国府町
53%
町制 三好郡 三野町
49%
1933.04.01 町制 名東郡 加茂町
49%
1915.11.10 町制 名東郡 加茂名町
42%
町制 三好郡 辻町
40%
1940.12.10 町制 那賀郡 椿町
40%
1925.10.01 町制 三好郡 昼間町
37%
1928.11.10 町制 麻植郡 川田町
37%
1908.07.20 町制 阿波郡 八幡町
35%
町制 那賀郡 新野町
35%
1928.11.01 町制 板野郡 瀬戸町
35%
1940.02.11 町制 那賀郡 桑野町
35%
町制 美馬郡 郡里町
35%
1908.07.10 町制 那賀郡 立江町
33%
1922.04.17 町制 海部郡 三岐田町
33%
1923.01.01 町制 海部郡 鞆奥町
33%
町制 板野郡 一条町
33%
1926.05.05 町制 麻植郡 山瀬町
33%
町制 阿波郡 林町
33%
1926.02.11 町制 勝浦郡 横瀬町
30%
町制 美馬郡 江原町
30%
No matching quizzes found
Score Distribution
Percent of People with Each Score
Percentile by Number Answered
Your Score History
You have not taken this quiz